000 00499nam a2200193Ia 4500
005 20240823055003.0
008 240823s9999||||xx |||||||||||||| ||und||
041 _aENGLISH
082 _A621.3 Q6
100 _aMuthusubramanian R
245 0 _aBasic Electrical and Electronics Engineering
250 _a1st
260 _c2016
_bMcGraw Hill Educ
500 _aTRANSFERED
650 _aElectrical and Electronics Eng
_bElectrical
700 _a Salivahanan S
942 _cBK
999 _c227743
_d227743